00720 a2200181 45000010006000000050017000060080041000230030015000640400040000790800151001192450068002700200018003382640032003563000019003880410008004071000024004158560099004394578820260407155729.0260407a1990 arg spa dAR-UNSa-BCEJYS aAR-UNSa-BCEJYSbspacAR-UNSa-BCEJYS a001.8xMetodología. Estudio general del método. Procedimientos científicos y técnicos para el estudio, La investigación y la discusión10aMetodología de análisis de contenidopteoría y práctica a84-7509-627-1 1aBarcelona :bPaidósc1990 a279 p.c22 cm. aspa1 aKrippendorff, Klaus41uhttps://www.biblioeco.unsa.edu.ar/pmb/images/libros/L127191.jpgyImagen de portadaqimage/jpeg